Biblické východiská kresťanskej etiky skriptá

Bibliographic Details
Main Author: Procházka, Pavel, 1951 september 6.- (Author)
Format: Book
Language:Slovak
PhysicalDescription:60 s. 21 cm
Published: Banská Bystrica Univerzita Mateja Bela 2009
ISBN:9788080838423
Edition:1. vyd.
Subjects:

MARC

LEADER 00000nam a2200000 a 4500
001 vtls010022797
003 SK-MaSNL
005 20260301083331.0
008 180730s2009 xo d p 000 0 slo
015 |a SNBA2010/01-00008 
020 |a 9788080838423  |q (brož.) 
035 |a DD3FE7D2-1233-45E5-BF4E-FE41E2D0631D 
035 |a urn:nbn:sk:snk-amk9gz 
035 |a urn:nbn:sk:snk-am003o0m 
040 |a SNK  |b slo  |c SNK  |e AACR2 
041 0 |a slo 
044 |a xo  |c SK 
072 7 |a 27-4  |x Praktická teológia. Morálna teológia  |2 konspekt 
080 |a 27-42  |2 2001 
080 |a 27-232/-236  |2 2001 
080 |a 27-277.2  |2 2001 
080 |a (075.8)  |2 2001 
100 1 |a Procházka, Pavel,  |d 1951 september 6.-  |4 aut  |9 203213 
245 1 0 |a Biblické východiská kresťanskej etiky  |b skriptá  |c Pavel Procházka 
250 |a 1. vyd. 
260 |a Banská Bystrica  |b Univerzita Mateja Bela  |c 2009 
300 |a 60 s.  |c 21 cm 
366 |e 100 výt. 
504 |a Bibliogr. s. 59-60 
650 0 7 |a kresťanská etika  |2 SNKPH  |9 30117 
650 0 7 |a biblické texty  |2 SNKPH  |9 1917 
650 0 7 |a biblická exegéza  |2 SNKPH  |9 4349 
655 7 |a učebnice vysokých škôl  |2 SNKPH  |9 70191 
919 |a 978-80-8083-842-3 
958 |a OND 
958 |a NB 
958 |a NT 
968 |d 2 
999 |c 660283  |d 662213 
952 |a SNK  |b SNK  |y PREZ  |7 0  |p 17A0638328  |o snkSC 137928  |i snk2009/20564  |8 0  |0 0  |1 0  |4 0  |d 2009-11-19  |f 1  |l 0  |r 2025-07-04 00:00:00  |w 2026-02-23 
952 |a SNK  |b SNK  |y VYP  |7 0  |p 17A0638327  |o snkSC 137928 D1  |i snk2009/20565  |8 0  |0 0  |1 0  |4 0  |d 2009-11-19  |l 0  |r 2026-02-23 18:51:31  |w 2026-02-23